[Event "XIV American Continental"]
[Site "Sao Paulo BRA"]
[Date "2019.07.08"]
[Round "5.61"]
[White "Dos Santos, Matheus Garcett Souza"]
[Black "Maia, Marco Aurelio Ferreira"]
[Result "0-1"]
[WhiteElo "1874"]
[BlackElo "2108"]
[EventDate "2019.07.05"]
[PlyCount "151"]
[EventRounds "11"]
[EventCountry "BRA"]

1.e4 d6 2.d4 Nf6 3.Nc3 c6 4.f4 Qa5 5.Bd3 e5 6.dxe5 dxe5 7.f5 Nbd7 8.Qe2 b5
9.Bd2 Qc7 10.Nf3 Bb7 11.O-O Bc5+ 12.Kh1 Qb6 13.Nd1 a6 14.c4 b4 15.b3 Qc7 
16.a3 a5 17.axb4 Bxb4 18.Qe1 Bxd2 19.Nxd2 Nc5 20.Bc2 O-O 21.Rf3 Rfd8 22.
Ne3 Rd4 23.Nef1 Qd8 24.g4 h6 25.Rg3 Nd3 26.Qe3 Nb4 27.Bb1 Nh7 28.Nf3 Rd1 
29.Qe2 c5 30.Rg1 Ng5 31.N1d2 Rxg1+ 32.Kxg1 Nh3+ 33.Kf1 Nf4 34.Qe3 Qd6 35.
Qc3 f6 36.Bc2 Nxc2 37.Qxc2 Qd3+ 38.Qxd3 Nxd3 39.Ne1 Nb4 40.Ke2 Kf7 41.Nd3 
Nxd3 42.Kxd3 Bc6 43.Nb1 Rd8+ 44.Ke2 Bxe4 45.Nd2 Bg2 46.Rxa5 Bh3 47.Ra7+ 
Kf8 48.Ne4 Bxg4+ 49.Ke3 Bxf5 50.Nxc5 Rb8 51.Kd2 h5 52.Ke3 h4 53.Ra6 g5 54.
Ne4 Kg7 55.Nd6 Kg6 56.c5 Be6 57.Ke4 g4 58.Nc4 Rb4 59.c6 g3 60.hxg3 h3 61.
Kd3 h2 62.Ra1 Rxb3+ 63.Kc2 Rxg3 64.Rh1 Rh3 65.Nd6 Bd5 66.c7 Bxh1 67.c8=Q 
Be4+ 68.Nxe4 h1=Q 69.Qg4+ Kh6 70.Nf2 Qc6+ 71.Kd2 Qc3+ 72.Ke2 Qe3+ 73.Kf1 
Rh2 74.Qh4+ Rxh4 75.Ng4+ Kg5 76.Nxe3 0-1

[Event "XIV American Continental"]
[Site "Sao Paulo BRA"]
[Date "2019.07.08"]
[Round "5.62"]
[White "Carvalho, Felipe Lobo"]
[Black "Zimmermann, Kleber Renato Pereira"]
[Result "0-1"]
[WhiteElo "2106"]
[BlackElo "1950"]
[EventDate "2019.07.05"]
[PlyCount "94"]
[EventRounds "11"]
[EventCountry "BRA"]

1.d4 Nf6 2.Bf4 g6 3.e3 Bg7 4.Nf3 d6 5.h3 O-O 6.Be2 b6 7.c4 Bb7 8.Nc3 c5 9.
d5 Na6 10.O-O Nc7 11.a4 a6 12.Qb3 Rb8 13.Bh2 b5 14.axb5 axb5 15.Rfd1 bxc4 
16.Qxc4 Ba8 17.Qa2 Nfxd5 18.Na4 Bc6 19.Bc4 Bxa4 20.Qxa4 Nb6 21.Qc2 Nxc4 
22.Qxc4 Bxb2 23.Ra7 Rb4 24.Qc2 Nb5 25.Ra2 Bf6 26.Be5 Qb6 27.Bxf6 exf6 28.
Qd2 Rd8 29.Ne1 Nc7 30.Nd3 Rb1 31.Rc2 Ne6 32.Nb2 Rxd1+ 33.Qxd1 Qb3 34.Qd2 
d5 35.Nd3 c4 36.Nb4 d4 37.exd4 Nxd4 38.Kh1 Nc6 39.Nd5 Rxd5 40.Qxd5 Qxc2 
41.Qxc6 Qc1+ 42.Kh2 Qf4+ 43.Kg1 Qd4 44.Qa4 Qd3 45.Qa6 Kg7 46.h4 Qd1+ 47.
Kh2 c3 0-1

[Event "XIV American Continental"]
[Site "Sao Paulo BRA"]
[Date "2019.07.08"]
[Round "5.63"]
[White "Labussiere, Yago"]
[Black "Lo Kim Lin, Frank"]
[Result "1-0"]
[WhiteElo "2101"]
[BlackElo "1823"]
[EventDate "2019.07.05"]
[PlyCount "69"]
[EventRounds "11"]
[EventCountry "BRA"]

1.d4 Nf6 2.c4 e6 3.Nc3 Bb4 4.e3 O-O 5.Bd3 d5 6.Nf3 c5 7.O-O Nbd7 8.Qe2 b6 
9.Rd1 Bb7 10.Bd2 Ne4 11.Be1 a6 12.cxd5 exd5 13.Qc2 Rc8 14.dxc5 Ndxc5 15.
Rac1 Qe8 16.Qb1 Rd8 17.a3 Bxc3 18.Bxc3 Nb3 19.Rc2 f5 20.Be5 Rd7 21.Qa2 
Nbc5 22.Be2 g5 23.Bd4 Rd6 24.b4 Ne6 25.Ba1 f4 26.Qb2 d4 27.Nxd4 fxe3 28.
Nxe6 exf2+ 29.Kf1 Rxd1+ 30.Bxd1 Ng3+ 31.hxg3 Bxg2+ 32.Kxg2 f1=Q+ 33.Kh2 
Qg6 34.Qh8+ Kf7 35.Qxf8+ 1-0

[Event "XIV American Continental"]
[Site "Sao Paulo BRA"]
[Date "2019.07.08"]
[Round "5.64"]
[White "Feller, Gabriela Luisa Vicente"]
[Black "Moura, Eduardo Eugenio Chaves"]
[Result "0-1"]
[WhiteElo "1710"]
[BlackElo "2101"]
[EventDate "2019.07.05"]
[PlyCount "102"]
[EventRounds "11"]
[EventCountry "BRA"]

1.d4 d6 2.e4 Nf6 3.Nc3 Nbd7 4.Nf3 e5 5.Bg5 Be7 6.dxe5 dxe5 7.Bc4 c6 8.O-O 
O-O 9.Qe2 Qc7 10.Rad1 b5 11.Bb3 Nc5 12.a3 h6 13.Bh4 Bg4 14.h3 Bxf3 15.Qxf3
Nxb3 16.cxb3 Nh7 17.Bxe7 Qxe7 18.Rd2 Rfd8 19.Rfd1 Nf8 20.Ne2 Ne6 21.Qc3 
Qc7 22.b4 Kf8 23.Kf1 Ke7 24.Nc1 Rxd2 25.Rxd2 Rd8 26.Nb3 Rxd2 27.Qxd2 Qd6 
28.Qxd6+ Kxd6 29.g3 Ng5 30.Nc5 Nxh3 31.Ke2 Ng5 32.Nb7+ Ke7 33.Na5 Kd7 34.
Ke3 Ne6 35.Nb3 g6 36.f3 Kd6 37.Kd3 c5 38.Nxc5 Nxc5+ 39.bxc5+ Kxc5 40.b4+ 
Kd6 41.Ke3 Ke6 42.Kf2 f5 43.Kg2 fxe4 44.fxe4 Kf6 45.Kf2 Kg5 46.Kf3 h5 47.
Kf2 Kg4 48.Kg2 g5 49.Kf2 Kh3 50.Kf3 g4+ 51.Kf2 Kh2 0-1

[Event "XIV American Continental"]
[Site "Sao Paulo BRA"]
[Date "2019.07.08"]
[Round "5.65"]
[White "Carvalho, Rafael Cunha de"]
[Black "De Freitas, Julio Eimard"]
[Result "1-0"]
[WhiteElo "2096"]
[BlackElo "1799"]
[EventDate "2019.07.05"]
[PlyCount "63"]
[EventRounds "11"]
[EventCountry "BRA"]

1.d4 d5 2.c4 c6 3.Nc3 Nf6 4.Nf3 g6 5.cxd5 cxd5 6.g3 Nc6 7.Bg2 Bg7 8.O-O 
O-O 9.Ne5 e6 10.Nxc6 bxc6 11.Na4 Nd7 12.Be3 Ba6 13.Rc1 Bb5 14.Nc5 Nxc5 15.
Rxc5 Qa5 16.a3 Rfc8 17.Qc2 Rab8 18.Rc1 Bf8 19.Rc3 Qa6 20.Bf4 Ra8 21.e4 Re8
22.e5 Be7 23.h4 h5 24.Bf3 Kg7 25.Qd2 Rh8 26.Bg5 Bd8 27.Qf4 Qc8 28.Bd1 Bxg5
29.hxg5 Qa6 30.a4 Be2 31.Rxc6 Qd3 32.Qf6+ 1-0

[Event "XIV American Continental"]
[Site "Sao Paulo BRA"]
[Date "2019.07.08"]
[Round "5.66"]
[White "Brito, Vicente de Paulo Alencar"]
[Black "Souza, Rafael Cabral de"]
[Result "0-1"]
[WhiteElo "1948"]
[BlackElo "2094"]
[EventDate "2019.07.05"]
[PlyCount "178"]
[EventRounds "11"]
[EventCountry "BRA"]

1.e4 g6 2.d4 d6 3.Nc3 Nf6 4.Bg5 Bg7 5.Qd2 h6 6.Bh4 c6 7.O-O-O b5 8.Bd3 
Nbd7 9.f4 Nb6 10.Nf3 O-O 11.h3 Rb8 12.g4 Nc4 13.Bxc4 bxc4 14.e5 dxe5 15.
dxe5 Nd5 16.Nd4 Qb6 17.b3 cxb3 18.cxb3 Qc5 19.Kb2 Nb6 20.Ka1 f6 21.Ne4 Qd5
22.Nc3 Qc5 23.Ne4 Qd5 24.Nc3 Qf7 25.Nxc6 Bb7 26.Nxb8 Bxh1 27.Rxh1 Rxb8 28.
Re1 fxe5 29.fxe5 Rc8 30.Bg3 Qf3 31.Re3 Qf1+ 32.Be1 Qf4 33.Bg3 Qf1+ 34.Be1 
Kh7 35.h4 Qf4 36.Qe2 Rc5 37.Bg3 Qb4 38.Be1 Qd4 39.Rd3 Qf4 40.Bd2 Rxe5 41.
Bxf4 Rxe2 42.Kb1 Rg2 43.g5 Rg4 44.Bb8 Nc8 45.gxh6 Kxh6 46.Bg3 Nd6 47.Ne2 
Nf5 48.Bf4+ Kh7 49.Bg5 a5 50.Rd7 a4 51.bxa4 Rxa4 52.Bxe7 Re4 53.h5 gxh5 
54.Rd5 Rxe7 55.Rxf5 Rxe2 56.Rxh5+ Kg6 57.Rb5 Kf7 58.a4 Re4 59.a5 Ra4 60.
Kc2 Ra3 61.Rb7+ Kg6 62.Rb6+ Kf5 63.a6 Bd4 64.Rh6 Ke4 65.Rh4+ Kd5 66.Rh6 
Kc5 67.Rg6 Kb5 68.Re6 Bb6 69.Kb2 Rd3 70.a7 Bxa7 71.Re4 Bc5 72.Rh4 Bb4 73.
Kc2 Rc3+ 74.Kd1 Re3 75.Rg4 Ka4 76.Kc2 Rc3+ 77.Kb2 Rd3 78.Rc4 Rd2+ 79.Rc2 
Rd3 80.Rg2 Ba3+ 81.Kc2 Rf3 82.Rg4+ Bb4 83.Rh4 Rc3+ 84.Kb2 Re3 85.Kc2 Re2+ 
86.Kd1 Rg2 87.Re4 Kb3 88.Rh4 Rd2+ 89.Ke1 Rh2+ 0-1

[Event "XIV American Continental"]
[Site "Sao Paulo BRA"]
[Date "2019.07.08"]
[Round "5.68"]
[White "Brito, Luismar"]
[Black "Crocitti, Daniel"]
[Result "1-0"]
[WhiteElo "2298"]
[BlackElo "1873"]
[EventDate "2019.07.05"]
[PlyCount "71"]
[EventRounds "11"]
[EventCountry "BRA"]

1.Nc3 d5 2.e4 dxe4 3.Nxe4 c6 4.Bc4 Bf5 5.Qf3 e6 6.d3 Nd7 7.Bf4 Nb6 8.Bb3 
Nd5 9.Bd2 Ngf6 10.h3 Be7 11.Ne2 Qb6 12.g4 Bg6 13.O-O-O O-O-O 14.N2c3 Kb8 
15.Rhe1 Ka8 16.Na4 Qc7 17.Kb1 h6 18.Nac5 Nxe4 19.Nxe4 Nf6 20.Bc3 Nxe4 21.
dxe4 e5 22.a3 Bg5 23.Qe2 Bf4 24.a4 Rxd1+ 25.Rxd1 Rd8 26.f3 Kb8 27.a5 Rxd1+
28.Qxd1 Kc8 29.Ka2 Qd7 30.Qg1 Kb8 31.Qc5 f6 32.Be1 Be8 33.Bf2 Qc7 34.Qxa7+
Kc8 35.Be6+ Bd7 36.Qa8+ 1-0

[Event "XIV American Continental"]
[Site "Sao Paulo BRA"]
[Date "2019.07.08"]
[Round "5.69"]
[White "Abdalla, Luiz Guilherme Aurelli"]
[Black "Kruger, Israel"]
[Result "1-0"]
[WhiteElo "2245"]
[BlackElo "1869"]
[EventDate "2019.07.05"]
[PlyCount "105"]
[EventRounds "11"]
[EventCountry "BRA"]

1.d4 g6 2.c4 Bg7 3.Nc3 d6 4.e4 Nc6 5.Be3 e5 6.Nge2 f5 7.exf5 gxf5 8.dxe5 
dxe5 9.Qxd8+ Nxd8 10.f4 Ne6 11.O-O-O Ne7 12.fxe5 Bxe5 13.Nd5 c6 14.Ndf4 
O-O 15.g3 Ng6 16.Nd3 Bc7 17.Rg1 Ng7 18.Nef4 Re8 19.Bd2 Ne5 20.Nxe5 Bxe5 
21.Bd3 Bd7 22.Rgf1 Rad8 23.Kc2 Bc8 24.c5 Kh8 25.Bc3 Bxc3 26.Kxc3 b6 27.
cxb6 axb6 28.Rde1 Kg8 29.b4 b5 30.a3 Kf8 31.Rxe8+ Kxe8 32.Ne2 Rd6 33.Nd4 
Rh6 34.Rf2 Ke7 35.Bxf5 Nxf5 36.Rxf5 Rxh2 37.Nxc6+ Kd6 38.Rf6+ Kc7 39.Nd4 
Bd7 40.Rf7 Kd6 41.Rf3 h5 42.Nf5+ Kc6 43.Ne7+ Kc7 44.Ng6 Re2 45.Kd4 Rc2 46.
Ke5 Bg4 47.Re3 Re2 48.Rxe2 Bxe2 49.Kd5 Kb6 50.Nf4 Bf3+ 51.Kd6 Bg4 52.Nd5+ 
Kb7 53.Kc5 1-0

[Event "XIV American Continental"]
[Site "Sao Paulo BRA"]
[Date "2019.07.08"]
[Round "5.70"]
[White "Roverso, Leandro"]
[Black "Barreto, Ignacio C. De Barros"]
[Result "0-1"]
[WhiteElo "1932"]
[BlackElo "2101"]
[EventDate "2019.07.05"]
[PlyCount "70"]
[EventRounds "11"]
[EventCountry "BRA"]

1.d4 Nf6 2.Nf3 d5 3.c4 c6 4.cxd5 cxd5 5.Nc3 Nc6 6.Bf4 a6 7.e3 Bg4 8.Bd3 e6
9.a3 Be7 10.O-O O-O 11.h3 Bh5 12.Re1 Rc8 13.Rc1 Na5 14.g4 Bg6 15.Bxg6 hxg6
16.Ne5 Nd7 17.Nd3 Nc4 18.e4 dxe4 19.Nxe4 Nf6 20.Nxf6+ gxf6 21.Nc5 Nxb2 22.
Qb3 Bxc5 23.dxc5 Nd3 24.Rcd1 Nxc5 25.Qb2 Nd3 26.Qb1 Rc3 27.Re3 Qd4 28.Bg3 
Rd8 29.Kf1 Qc4 30.Kg1 b5 31.Qa1 e5 32.g5 Rd6 33.gxf6 Rxf6 34.Bxe5 Nxe5 35.
Rxc3 Qe4 0-1

[Event "XIV American Continental"]
[Site "Sao Paulo BRA"]
[Date "2019.07.08"]
[Round "5.71"]
[White "Da Silva, Jefferson Rian Ferreir"]
[Black "Souza, Wellington"]
[Result "1/2-1/2"]
[WhiteElo "1936"]
[BlackElo "2097"]
[EventDate "2019.07.05"]
[PlyCount "56"]
[EventRounds "11"]
[EventCountry "BRA"]

1.e4 c5 2.Nf3 g6 3.d4 cxd4 4.Nxd4 Bg7 5.Be3 Nc6 6.Nc3 Nf6 7.Be2 O-O 8.Qd2 
d5 9.exd5 Nxd5 10.Nxd5 Qxd5 11.Bf3 Qd6 12.Nxc6 Qxd2+ 13.Bxd2 bxc6 14.c3 
Rb8 15.O-O-O Be6 16.b3 Rfc8 17.Be4 a5 18.Bf4 Rb7 19.Rd3 f5 20.Bf3 a4 21.c4
axb3 22.axb3 Ra7 23.Rhd1 Ra1+ 24.Kd2 Rxd1+ 25.Kxd1 Bf7 26.Bxc6 Bxc4 27.
Bd5+ Bxd5 28.Rxd5 Kf7 1/2-1/2

[Event "XIV American Continental"]
[Site "Sao Paulo BRA"]
[Date "2019.07.08"]
[Round "5.72"]
[White "Soares, Paulo Henrique dos Reis"]
[Black "Pereira, Geanfrancesco"]
[Result "1/2-1/2"]
[WhiteElo "1922"]
[BlackElo "2068"]
[EventDate "2019.07.05"]
[PlyCount "135"]
[EventRounds "11"]
[EventCountry "BRA"]

1.Nc3 d5 2.e4 d4 3.Nce2 c5 4.f4 Nc6 5.Nf3 f6 6.Ng3 e5 7.f5 Nge7 8.Bc4 a6 
9.a4 Rb8 10.d3 b5 11.axb5 axb5 12.Bb3 Qd6 13.O-O Bb7 14.Bd2 Nc8 15.Ne1 
N6e7 16.Qh5+ Kd7 17.Be6+ Kc6 18.Qe8+ Kc7 19.Qxb5 Nc6 20.Nf3 Ba8 21.Qa4 Nb6
22.Qa2 Bb7 23.Nh5 Nd8 24.Nh4 Bc6 25.g4 Be8 26.Ng3 g5 27.Nf3 Ra8 28.Qb3 Ba4
29.Qa2 Bxc2 30.Ba5 Rxa5 31.Qxa5 Bxd3 32.Rfd1 Nc6 33.Qd2 Bb5 34.Nh5 Be7 35.
Ng7 c4 36.Bf7 Qb4 37.Ne6+ Kb7 38.Qxb4 Bxb4 39.Kf2 Na4 40.Ra2 Kb6 41.Rc1 c3
42.bxc3 Nxc3 43.Rxc3 Bxc3 44.h4 h6 45.Ng7 Nb4 46.Ra3 Nd3+ 47.Kg3 Nc5 48.
Bd5 Bd3 49.hxg5 hxg5 50.Nh5 Rf8 51.Ra8 Rxa8 52.Bxa8 Bxe4 53.Nxf6 Bxa8 54.
Nxe5 Ne4+ 55.Nxe4 Bxe4 56.f6 Be1+ 57.Kh3 d3 58.f7 Bb4 59.Kg3 Kc7 60.Kf2 
Bc5+ 61.Ke1 Kd8 62.Kd2 Ke7 63.f8=Q+ Kxf8 64.Nd7+ Kg7 65.Nxc5 Bf3 66.Ne6+ 
Kf6 67.Nxg5 Kxg5 68.Kxd3 1/2-1/2

[Event "XIV American Continental"]
[Site "Sao Paulo BRA"]
[Date "2019.07.08"]
[Round "5.73"]
[White "Mariani, Daniel Brandao"]
[Black "Cabral, Denrick"]
[Result "1-0"]
[WhiteElo "2062"]
[BlackElo "1863"]
[EventDate "2019.07.05"]
[PlyCount "103"]
[EventRounds "11"]
[EventCountry "BRA"]

1.c4 Nf6 2.g3 g6 3.Bg2 d5 4.cxd5 Nxd5 5.Nc3 Nb6 6.d3 Bg7 7.Be3 O-O 8.Qd2 
Re8 9.Bh6 Bh8 10.h4 c5 11.Be3 c4 12.Bxb6 Qxb6 13.dxc4 Rd8 14.Nd5 Qd6 15.c5
Qxc5 16.Nf6+ Bxf6 17.Qxd8+ Kg7 18.h5 Bc3+ 19.Kf1 gxh5 20.bxc3 Nc6 21.Bxc6 
Bh3+ 22.Nxh3 Rxd8 23.Bxb7 Qxc3 24.Re1 h4 25.gxh4 Qb2 26.Rg1+ Kf6 27.Bf3 
Qxa2 28.Ng5 e6 29.Nxh7+ Ke7 30.Ng5 Rg8 31.Rh1 f6 32.Ne4 f5 33.Ng5 e5 34.
Kg2 e4 35.Bh5 Qd2 36.e3 Rh8 37.Rd1 Qc2 38.Rc1 Qb2 39.Rb1 Qc2 40.Rhc1 Qa4 
41.Rb7+ Kf6 42.Rf7+ Ke5 43.Bg6 Rxh4 44.Rxf5+ Kd6 45.Kg3 Qb4 46.Kxh4 a5 47.
Rf4 Qb2 48.Nxe4+ Kd7 49.Rf7+ Ke6 50.Rc6+ Kd5 51.Rd6+ Kc4 52.Rc7+ 1-0

[Event "XIV American Continental"]
[Site "Sao Paulo BRA"]
[Date "2019.07.08"]
[Round "5.74"]
[White "Moreira, Ronaldo Alonso"]
[Black "Frattini, Beatriz Maria"]
[Result "1-0"]
[WhiteElo "2058"]
[BlackElo "1858"]
[EventDate "2019.07.05"]
[PlyCount "59"]
[EventRounds "11"]
[EventCountry "BRA"]

1.d4 Nf6 2.c4 g6 3.Nc3 d5 4.Bf4 Bg7 5.e3 O-O 6.Rc1 c5 7.dxc5 Qa5 8.cxd5 
Qxc5 9.Nf3 Rd8 10.Be2 Bd7 11.O-O Qa5 12.Qb3 Be8 13.Qxb7 Nxd5 14.Nxd5 Qxd5 
15.Qxd5 Rxd5 16.Rc8 Kf8 17.Bc4 Rc5 18.Rxc5 Nd7 19.Bd5 Rd8 20.Bc7 Nxc5 21.
Bxd8 e6 22.Bc4 Bc6 23.Ba5 Ke8 24.Bb4 Ne4 25.Nd2 Nf6 26.Bc3 Ke7 27.Nf3 h5 
28.Rd1 Bh6 29.Ne5 Be4 30.Bb4+ 1-0

[Event "XIV American Continental"]
[Site "Sao Paulo BRA"]
[Date "2019.07.08"]
[Round "5.75"]
[White "Andrade, Guilherme Alves de Souza"]
[Black "Santos Filho, Tadeu Sousa"]
[Result "1/2-1/2"]
[WhiteElo "1867"]
[BlackElo "2057"]
[EventDate "2019.07.05"]
[PlyCount "115"]
[EventRounds "11"]
[EventCountry "BRA"]

1.b3 e5 2.Bb2 Nc6 3.e3 Nf6 4.Bb5 Bd6 5.Ne2 a6 6.Bxc6 dxc6 7.d3 O-O 8.Nd2 
b5 9.O-O Qe7 10.e4 Nh5 11.a4 Bd7 12.Ng3 Nxg3 13.fxg3 g6 14.g4 Qh4 15.h3 
Qe7 16.Nf3 f6 17.Qe1 Rfe8 18.Kh1 c5 19.axb5 axb5 20.Qd2 g5 21.Ng1 h5 22.
gxh5 Rxa1 23.Rxa1 g4 24.Qe2 Qg7 25.Bc1 f5 26.exf5 Bxf5 27.Bd2 e4 28.Rf1 
Bd7 29.dxe4 Qe5 30.Bf4 Qxe4 31.Qxe4 Rxe4 32.Bxd6 cxd6 33.Rd1 gxh3 34.Rxd6 
hxg2+ 35.Kxg2 Be8 36.h6 Kh7 37.Kf2 Bg6 38.Rc6 Re5 39.Nf3 Rh5 40.Re6 Bxc2 
41.Nd2 Bg6 42.Ke3 Rh3+ 43.Kf4 Rd3 44.Ne4 Bxe4 45.Kxe4 Rxb3 46.Rc6 Rc3 47.
Kf5 c4 48.Rb6 Rh3 49.Kg5 Rg3+ 50.Kf4 Rb3 51.Kg5 Rg3+ 52.Kf4 Rh3 53.Rxb5 
Kxh6 54.Rc5 Kg6 55.Ke4 Kf6 56.Rxc4 Rh4+ 57.Kd3 Rxc4 58.Kxc4 1/2-1/2

[Event "XIV American Continental"]
[Site "Sao Paulo BRA"]
[Date "2019.07.08"]
[Round "5.76"]
[White "Portes Junior, Dirceu Atanazio"]
[Black "Souza Junior, Helemberg Cubica de"]
[Result "1-0"]
[WhiteElo "2019"]
[BlackElo "1714"]
[EventDate "2019.07.05"]
[PlyCount "78"]
[EventRounds "11"]
[EventCountry "BRA"]

1.d4 Nf6 2.c4 e6 3.Nf3 d5 4.Nc3 Bb4 5.cxd5 exd5 6.Bg5 O-O 7.Qb3 Nc6 8.e3 
Bxc3+ 9.bxc3 Rb8 10.Bxf6 gxf6 11.Bd3 Ne7 12.Qc2 Ng6 13.h4 Re8 14.h5 Nf8 
15.Nh4 Qd6 16.Bf5 c5 17.Kf1 cxd4 18.cxd4 Bxf5 19.Nxf5 Qa6+ 20.Kg1 Rbc8 21.
Qd1 Ne6 22.Qg4+ Kh8 23.Nh6 Rc7 24.Rh3 Ng5 25.Rg3 Qe6 26.Nf5 Rg8 27.Kh1 
Rcc8 28.Qf4 Qe4 29.Nh6 Qxf4 30.exf4 Kg7 31.Nf5+ Kf8 32.fxg5 fxg5 33.Re1 f6
34.Rge3 g4 35.Nd6 Rc7 36.Re8+ Kg7 37.R1e7+ Rxe7 38.Rxe7+ Kh6 39.Rxb7 g3 
1-0

[Event "XIV American Continental"]
[Site "Sao Paulo BRA"]
[Date "2019.07.08"]
[Round "5.77"]
[White "Cordioli, Jairo Ribeiro"]
[Black "Ikejiri, Daniel Yoshito"]
[Result "0-1"]
[WhiteElo "1871"]
[BlackElo "2004"]
[EventDate "2019.07.05"]
[PlyCount "94"]
[EventRounds "11"]
[EventCountry "BRA"]

1.d4 d5 2.c4 c6 3.Nc3 Nf6 4.Nf3 e6 5.Bg5 dxc4 6.a4 Bb4 7.Bxf6 gxf6 8.g3 
Qa5 9.Rc1 b5 10.Bg2 Bb7 11.O-O Bxc3 12.bxc3 Nd7 13.e4 O-O-O 14.Qc2 a6 15.
Rfd1 Nb6 16.axb5 cxb5 17.d5 Na4 18.Nd4 Qb6 19.Rb1 Nc5 20.Bf1 Qc7 21.Bg2 
Kb8 22.Nxb5 axb5 23.Rxb5 Rd7 24.Bf1 Nd3 25.Bxd3 cxd3 26.Qxd3 exd5 27.exd5 
Kc8 28.Qd4 Qe5 29.Qb4 Re8 30.c4 Qe7 31.Qb3 Qe5 32.Rb1 Ree7 33.Rc5+ Kd8 34.
Rb5 Ke8 35.Qd3 f5 36.Rb6 Bc8 37.Rb8 Rd8 38.Qf3 Ra7 39.R1b3 Ra1+ 40.Kg2 Re1
41.h3 Ba6 42.Rxd8+ Kxd8 43.h4 Bxc4 44.Ra3 Bxd5 45.Rd3 Re4 46.Qd1 Rd4+ 47.
Kh2 Qe4 0-1

[Event "XIV American Continental"]
[Site "Sao Paulo BRA"]
[Date "2019.07.08"]
[Round "5.78"]
[White "Japiassu, Ricardo de Villa Nova"]
[Black "Leite, Tarcisio Dantas Frota"]
[Result "1-0"]
[WhiteElo "1990"]
[BlackElo "1571"]
[EventDate "2019.07.05"]
[PlyCount "123"]
[EventRounds "11"]
[EventCountry "BRA"]

1.c4 e5 2.g3 c6 3.d4 exd4 4.Qxd4 Nf6 5.Nf3 Bb4+ 6.Bd2 Bxd2+ 7.Nbxd2 d6 8.
Bg2 O-O 9.O-O c5 10.Qd3 Qe7 11.Rfe1 Nc6 12.Rad1 Ne5 13.Qc2 Rb8 14.Ng5 h6 
15.Nge4 Ne8 16.Nc3 Be6 17.b3 Nc7 18.f4 Nc6 19.e4 Nd4 20.Qd3 Bd7 21.Nf3 
Nce6 22.Ne2 Nxf3+ 23.Bxf3 Bc6 24.Qxd6 Rfe8 25.Qxe7 Rxe7 26.Kf2 Kf8 27.e5 
Bxf3 28.Kxf3 Ke8 29.Rd5 b6 30.Red1 f6 31.exf6 gxf6 32.h4 Kf7 33.Rd7 Re8 
34.R1d5 Nf8 35.Rxe7+ Rxe7 36.g4 Ng6 37.h5 Nf8 38.Rd3 Ne6 39.Nc3 Nd4+ 40.
Kf2 Ne6 41.Nd5 Rb7 42.Kg3 Nd4 43.Re3 Rd7 44.Re1 Rb7 45.Kf2 Rd7 46.Rg1 Ne6 
47.Ke3 Kg7 48.Ke4 Nd4 49.b4 Kf7 50.a4 Rd8 51.Kd3 Re8 52.Ne3 Rd8 53.Nd5 Re8
54.a5 Rb8 55.axb6 axb6 56.Ra1 Nc6 57.b5 Na5 58.Nxb6 Rd8+ 59.Nd5 Nb3 60.
Ra7+ Kg8 61.b6 Kh8 62.b7 1-0

[Event "XIV American Continental"]
[Site "Sao Paulo BRA"]
[Date "2019.07.08"]
[Round "5.79"]
[White "Bassani, Jaison Jose"]
[Black "Caldas, Raphael C B R Leitao"]
[Result "1-0"]
[WhiteElo "1973"]
[BlackElo "1421"]
[EventDate "2019.07.05"]
[PlyCount "39"]
[EventRounds "11"]
[EventCountry "BRA"]

1.e4 e6 2.d3 d5 3.Nd2 c5 4.Ngf3 Nc6 5.g3 Nf6 6.Bg2 Be7 7.O-O O-O 8.Re1 Rb8
9.e5 Nd7 10.Nf1 b5 11.h4 a5 12.Bf4 b4 13.N1h2 Nb6 14.Ng5 h6 15.Nh3 c4 16.
Qh5 Re8 17.Bxh6 gxh6 18.Ng4 Bf8 19.Nf6+ Kg7 20.Qg4+ 1-0

[Event "XIV American Continental"]
[Site "Sao Paulo BRA"]
[Date "2019.07.08"]
[Round "5.80"]
[White "Andreata, Mauro Antonio"]
[Black "Silva, Kaua Marques"]
[Result "0-1"]
[WhiteElo "1648"]
[BlackElo "1965"]
[EventDate "2019.07.05"]
[PlyCount "96"]
[EventRounds "11"]
[EventCountry "BRA"]

1.d4 Nf6 2.Nf3 e6 3.Bg5 Be7 4.e3 b6 5.Bd3 Bb7 6.O-O d6 7.Nbd2 Nbd7 8.Re1 
h6 9.Bh4 c5 10.h3 O-O 11.c3 Qc7 12.Rc1 a6 13.e4 e5 14.d5 Qd8 15.Bg3 g6 16.
Nf1 Nh5 17.Bh2 Qc7 18.Qd2 c4 19.Bc2 Kh7 20.g4 Nhf6 21.Ng3 Kg7 22.Kg2 Nh7 
23.h4 Qd8 24.h5 Bc8 25.Qe2 Nc5 26.Ng1 a5 27.f3 Ba6 28.Rcd1 Bh4 29.hxg6 
fxg6 30.Nh3 Ra7 31.Rf1 Raf7 32.Bg1 Ng5 33.Nxg5 Bxg5 34.Bxc5 bxc5 35.Rb1 
Bf4 36.Bd1 Bc8 37.Rh1 Bxg3 38.Kxg3 Rxf3+ 39.Qxf3 Rxf3+ 40.Bxf3 Qg5 41.Rhg1
h5 42.Kf2 Qd2+ 43.Kg3 hxg4 44.Bxg4 Qf4+ 45.Kg2 Qxg4+ 46.Kf2 Qf4+ 47.Ke2 
Bg4+ 48.Ke1 Qe3+ 0-1

[Event "XIV American Continental"]
[Site "Sao Paulo BRA"]
[Date "2019.07.08"]
[Round "5.81"]
[White "Amaral, Danilo Tokechi"]
[Black "Cella, Glaucio Dalla Cortt"]
[Result "1-0"]
[WhiteElo "1432"]
[BlackElo "1962"]
[EventDate "2019.07.05"]
[PlyCount "59"]
[EventRounds "11"]
[EventCountry "BRA"]

1.e4 c5 2.Nf3 e6 3.d3 Nc6 4.g3 d5 5.Nbd2 Nf6 6.Bg2 Be7 7.O-O O-O 8.e5 Nd7 
9.Re1 Qc7 10.Qe2 b5 11.Nf1 Rb8 12.h4 Ba6 13.N1h2 Rfc8 14.Bf4 b4 15.Ng5 Nd4
16.Qh5 Bxg5 17.hxg5 Nxc2 18.Ng4 Bxd3 19.Be4 dxe4 20.Nf6+ gxf6 21.exf6 Qd8 
22.Qh4 Nxe1 23.Rxe1 e3 24.fxe3 Bg6 25.Rd1 Rc7 26.Bd6 Nxf6 27.gxf6 Rd7 28.
Qf4 Rb6 29.Qh6 Qxf6 30.Qf8# 1-0

[Event "XIV American Continental"]
[Site "Sao Paulo BRA"]
[Date "2019.07.08"]
[Round "5.83"]
[White "Januario, Severino Pereira"]
[Black "Jenidarchiche, Douglas Rodrigo"]
[Result "1-0"]
[WhiteElo "2112"]
[BlackElo "1754"]
[EventDate "2019.07.05"]
[PlyCount "133"]
[EventRounds "11"]
[EventCountry "BRA"]

1.d4 Nf6 2.Bg5 e6 3.Nf3 c5 4.e3 b6 5.Nbd2 Bb7 6.Bd3 Be7 7.Qe2 d6 8.c3 Nbd7
9.e4 Rc8 10.O-O O-O 11.a4 Re8 12.a5 Nf8 13.axb6 axb6 14.Ra7 Rc7 15.Rfa1 
Qb8 16.R7a2 Ng6 17.h3 Nh5 18.g3 Bxg5 19.Nxg5 Nf6 20.e5 dxe5 21.dxe5 Nd7 
22.f4 Qd8 23.h4 Ndf8 24.Nde4 h6 25.Nh3 Nxh4 26.gxh4 Qxh4 27.Kh2 Ng6 28.Qf2
Qxf2+ 29.Nexf2 Rd8 30.Ra7 Rdd7 31.Be4 Bd5 32.Rxc7 Rxc7 33.Bxg6 fxg6 34.Kg3
b5 35.Nd3 Kf7 36.Kf2 Bc4 37.Ke3 Bxd3 38.Kxd3 c4+ 39.Ke3 Rd7 40.Nf2 Rb7 41.
Ne4 Kg8 42.Ra6 b4 43.Rxe6 bxc3 44.bxc3 Rb1 45.Rc6 Re1+ 46.Kf3 g5 47.fxg5 
hxg5 48.Nxg5 Kf8 49.Kf4 Rf1+ 50.Ke4 Rg1 51.Kf5 Ke7 52.Rc7+ Kd8 53.Rxc4 Rg3
54.Rc6 Kd7 55.Rd6+ Ke7 56.c4 Rc3 57.Rd4 Rc1 58.Kg6 Re1 59.e6 Rg1 60.Rd5 
Rg4 61.c5 Kf8 62.Rd8+ Ke7 63.Rd7+ Kf8 64.c6 Rc4 65.c7 Rc5 66.Rd8+ Ke7 67.
c8=Q 1-0

[Event "XIV American Continental"]
[Site "Sao Paulo BRA"]
[Date "2019.07.08"]
[Round "5.84"]
[White "Pereira Vera, Henry Alberto"]
[Black "Araujo, Jose Roberto"]
[Result "0-1"]
[WhiteElo "1790"]
[BlackElo "2079"]
[EventDate "2019.07.05"]
[PlyCount "68"]
[EventRounds "11"]
[EventCountry "BRA"]

1.b3 e5 2.Bb2 Nc6 3.e3 Nf6 4.c4 d6 5.Nf3 g6 6.a3 a5 7.d4 Qe7 8.d5 Nb8 9.c5
Bg7 10.Bb5+ Bd7 11.Bc4 O-O 12.cxd6 cxd6 13.Nc3 Na6 14.Rc1 Nc5 15.O-O e4 
16.Nd4 Ng4 17.h3 Ne5 18.Rb1 Qg5 19.f4 exf3 20.Nxf3 Qxe3+ 21.Kh1 Nxc4 22.
bxc4 Bxc3 23.Bc1 Qe4 24.Bh6 Bg7 25.Bxg7 Kxg7 26.Qc1 Qe7 27.Qc3+ f6 28.Rbe1
Qd8 29.g4 Kg8 30.Nd4 Re8 31.Qf3 Rxe1 32.Rxe1 Qf8 33.h4 Re8 34.Rf1 Re4 0-1

[Event "XIV American Continental"]
[Site "Sao Paulo BRA"]
[Date "2019.07.08"]
[Round "5.85"]
[White "Takano, Nicholas Ryo"]
[Black "Mesquita, Arnaldo Leite"]
[Result "1-0"]
[WhiteElo "2077"]
[BlackElo "1703"]
[EventDate "2019.07.05"]
[PlyCount "67"]
[EventRounds "11"]
[EventCountry "BRA"]

1.e4 e5 2.Nf3 Nf6 3.Nxe5 d6 4.Nf3 Nxe4 5.Nc3 Nf6 6.d4 Be7 7.Bd3 Bg4 8.h3 
Bh5 9.Be3 c6 10.g4 Bg6 11.Qd2 Bxd3 12.Qxd3 d5 13.O-O-O b5 14.Rde1 O-O 15.
Ne5 Qa5 16.Kb1 Bb4 17.Bd2 Qc7 18.g5 Ne4 19.Nxe4 dxe4 20.Rxe4 Na6 21.Rh4 g6
22.Ng4 Be7 23.Qf3 Qd8 24.Qxc6 Bxg5 25.Bxg5 Qxg5 26.Qf6 Qd5 27.Rg1 Rfe8 28.
Ne5 Qe6 29.Qxe6 Rxe6 30.b3 Kf8 31.Rf4 Kg8 32.Nxf7 Kg7 33.Ne5 Kh6 34.h4 1-0

[Event "XIV American Continental"]
[Site "Sao Paulo BRA"]
[Date "2019.07.08"]
[Round "5.87"]
[White "Carvalho Junior, Celestino"]
[Black "Melo, Luiz Claudio Parijos de"]
[Result "1/2-1/2"]
[WhiteElo "1954"]
[BlackElo "1695"]
[EventDate "2019.07.05"]
[PlyCount "71"]
[EventRounds "11"]
[EventCountry "BRA"]

1.e4 c5 2.Nf3 Nc6 3.d4 cxd4 4.Nxd4 g6 5.Nxc6 bxc6 6.Qd4 Nf6 7.e5 Nd5 8.e6 
Nf6 9.exf7+ Kxf7 10.Bd3 Bg7 11.O-O Rf8 12.Nc3 Kg8 13.Qa4 Qc7 14.Bf4 e5 15.
Bg3 Nh5 16.Bh4 d5 17.f3 Rf4 18.Nxd5 cxd5 19.Qb3 Qb6+ 20.Bf2 Qxb3 21.axb3 
Rf7 22.Ra5 Nf4 23.Bb5 a6 24.Rfa1 Bb7 25.Bf1 Bf6 26.c3 Bd8 27.R5a4 a5 28.b4
Ba6 29.b5 Bc8 30.b4 Rb7 31.bxa5 Bd7 32.c4 dxc4 33.Bxc4+ Be6 34.Bf1 Bd7 35.
Bc4+ Be6 36.Bf1 1/2-1/2